| 000 | 00606nam a2200217Ia 4500 | ||
|---|---|---|---|
| 003 | IN-BaIIA | ||
| 008 | 211028s9999 xx 000 0 eng d | ||
| 020 | _a0-471-94176-X | ||
| 040 | _cIIA Library | ||
| 080 |
_a52-355 _bEME |
||
| 100 |
_aEmerson, D _921079 |
||
| 245 | 0 |
_aInterpreting astronomical spectra _cD. Emerson |
|
| 260 |
_aChichestra _bJohn Wiley & Sons _c1996 |
||
| 300 | _avi, 461p. | ||
| 500 | _aPhotocopy of Original | ||
| 650 |
_aGaseous Nebulae _92296 |
||
| 650 |
_aPhotoionized Clouds _926469 |
||
| 650 |
_aRadiative Transfer _91568 |
||
| 650 |
_aStellar Spectra _92838 |
||
| 942 | _cBK | ||
| 999 |
_c14754 _d14754 |
||